<?xml version="1.0" encoding="UTF-8"?>
<collection xmlns:xsi="http://www.w3.org/2001/XMLSchema-instance" xsi:schemaLocation="http://www.loc.gov/MARC21/slim http://www.loc.gov/standards/marcxml/schema/MARC21slim.xsd" xmlns="http://www.loc.gov/MARC21/slim">
 <record>
  <leader>00000cab a22000004cb4500</leader>
  <controlfield tag="001">IPP-00000663857</controlfield>
  <controlfield tag="003">IPP</controlfield>
  <controlfield tag="005">20260303142744.0</controlfield>
  <controlfield tag="008">260303s2023    xx     d | ||r |||||   ||</controlfield>
  <datafield tag="100" ind1="1" ind2="#">
   <subfield code="a">Gil-Nobajas, Maria Soledad</subfield>
  </datafield>
  <datafield tag="245" ind1="1" ind2="0">
   <subfield code="a">Drug related crimes</subfield>
   <subfield code="b">structure and sanctions</subfield>
   <subfield code="c">Drug related crimes</subfield>
  </datafield>
  <datafield tag="264" ind1="#" ind2="1">
   <subfield code="c">2023</subfield>
  </datafield>
  <datafield tag="650" ind1="1" ind2="0">
   <subfield code="a">Criminal law</subfield>
   <subfield code="x">Spain</subfield>
  </datafield>
  <datafield tag="650" ind1="2" ind2="0">
   <subfield code="a">Drug traffic</subfield>
   <subfield code="x">Spain</subfield>
  </datafield>
  <datafield tag="650" ind1="2" ind2="0">
   <subfield code="a">Criminal liability</subfield>
  </datafield>
  <datafield tag="650" ind1="2" ind2="0">
   <subfield code="a">Prevention of drugs and crime</subfield>
  </datafield>
  <datafield tag="650" ind1="2" ind2="0">
   <subfield code="a">Drug withdrawal symptoms</subfield>
  </datafield>
  <datafield tag="773" ind1="0" ind2="#">
   <subfield code="t">PHILJA Journal of Judicial Studies</subfield>
   <subfield code="g">Vol. 2 (Sep. 2023), 193-210</subfield>
  </datafield>
  <datafield tag="852" ind1="#" ind2="#">
   <subfield code="a">UPD</subfield>
   <subfield code="b">DLAW</subfield>
  </datafield>
  <datafield tag="942" ind1="#" ind2="#">
   <subfield code="a">Article</subfield>
  </datafield>
  <datafield tag="950" ind1="#" ind2="#">
   <subfield code="a">FI</subfield>
  </datafield>
 </record>
</collection>
